| 000 | 00396cam a22001217a 4500 | ||
|---|---|---|---|
| 008 | 180718b1977 xxu||||| |||| 00| 0 eng d | ||
| 082 | _aO97x54 B252 | ||
| 100 | _aBarnabas, A.P. | ||
| 245 |
_aPopulation control in India: policy-administration spread _cby A.P. Barnabas |
||
| 260 |
_aDelhi _bIndian Institute of Public Administration _c1977 |
||
| 300 | _a121p. | ||
| 650 | _aPopulation control --India | ||
| 999 |
_c501697 _d501697 |
||